| 000 | 00383nam a2200145Ia 4500 | ||
|---|---|---|---|
| 008 | 240624s9999 xx 000 0 und d | ||
| 041 | _aeng | ||
| 082 | _a658.4092 SHE | ||
| 100 | _aSHEKSHNIA STANISLAV | ||
| 245 | _aCEO SCHOOL INSIGHTS FROM 20 GLOBAL BUSIN | ||
| 250 | _a(1st 2018 ed.) | ||
| 260 |
_c2018 _aSingapore _bPalgrave |
||
| 300 | _axvii,154P. ; 23cm. | ||
| 365 |
_cERU _b33 |
||
| 999 |
_c32583 _d32583 |
||